Diseño y protocolo de construcción de un sistema de propulsión manual adaptable a una silla de ruedas para una persona con paraplejia
שמור ב:
| מחבר ראשי: | |
|---|---|
| מחברים אחרים: | , |
| פורמט: | ספר |
| שפה: | Spanish |
| יצא לאור: |
[San José, Costa Rica]
2023
|
| נושאים: | |
| תגים: |
הוספת תג
אין תגיות, היה/י הראשונ/ה לתייג את הרשומה!
|
MARC
| LEADER | 00000nam a2200000Ia 4500 | ||
|---|---|---|---|
| 003 | 013712 | ||
| 005 | 20230809154328.0 | ||
| 008 | 140114s2023 cr a 000 ||spa d | ||
| 040 | |c cru CEDI | ||
| 100 | |a Cascante Quirós, Pablo Esteban, 1991- |9 1002 | ||
| 245 | |a Diseño y protocolo de construcción de un sistema de propulsión manual adaptable a una silla de ruedas para una persona con paraplejia | ||
| 260 | |a [San José, Costa Rica] |c 2023 | ||
| 500 | |a Proyecto de graduación (licenciatura en ingeniería mecánica) --Universidad de Costa Rica. Facultad de Ingeniería. Escuela de Ingeniería Mecánica | ||
| 501 | |a Director de Proyecto de Graduación: Dr. Pietro Scaglioni Solano | ||
| 650 | |x SILLAS DE RUEDAS - DISEÑO Y CONSTRUCCION |x APARATOS ORTOPEDICOS |x PARAPLEJIA |x - SISTEMAS DE PROPULSION |x - SISTEMAS DE CONTROL |x PROGRAMAS PARA COMPUTADORA | ||
| 700 | |9 1053 |a Núnez Morales, Karina | ||
| 700 | |9 182 |a Scaglioni Solano, Pietro, 1965- |d Director del TFG | ||
| 942 | |c CEDI |h TFG 8863 |6 TFG_8863_000000000000000 | ||
| 999 | |c 13138 |d 13138 | ||
